=LDR 00000nam 2200000 4500 =001 INLIS000000000050362 =005 20170502015601 =035 ##$$a 0010-0517000015 =007 ta =008 170502###########################0###### =020 ##$$a 979-002-387-1 =082 ##$$a 616 =084 ##$$a 616 DER t =100 #$$a Dermawan, Rahmansyah =245 1#$$a Tanya jawab flu babi. Flu singapura dan flu burung /$c Rahmansyah Dermawan =250 ##$$a Cet.1 =260 ##$$a Jakarta :$b Penebar Swadaya,$c 2009 =300 ##$$a iv, 106 hlm : $b Ilus ; $c 23 cm. =650 ##$$a Penyakit =990 ##$$a 76447644 =990 ##$$a 76447644 =990 ##$$a 31700469 =990 ##$$a 02201707644 =990 ##$$a 31700470 =990 ##$$a 31700469